| 000 | 00458nam a2200205Ia 4500 | ||
|---|---|---|---|
| 003 | 0100 | ||
| 008 | 130307s9999 xx 000 0 und d | ||
| 040 | _cARRUPELIB | ||
| 050 | _aPN83.A43 1972 | ||
| 100 | _aAdler, Mortimer Jerome | ||
| 245 | _aHow to read a book | ||
| 250 | _arev. ed. | ||
| 260 | _aNew York | ||
| 260 | _bSimon & Schuster | ||
| 260 | _c1972 | ||
| 300 | _a426p. | ||
| 300 | _b23 cm. | ||
| 700 | _aDoren, Charles van | ||
| 942 | 0 | 0 | _01 |
| 999 |
_c84460 _d84460 |
||